000 00613nam a2200241Ia 4500
003 OSt
005 20220918203025.0
006 a|||||r|||| 00| 0
007 ta
008 220917b |||||||| |||| 00| 0 eng d
024 _a105,536
037 _cTextual
040 _aARTS
_cARTS
_beng
041 _2eng
_aeng
082 _aV3.N20, H6.4
100 _aEdwards William
_936775
245 0 _aNotes on British history
250 _a6th
260 _aLondon
_bRivingtons Press
_c1946
650 _aHISTORY
942 _hV3.N20, H6.4
_cTEXL
_2CC
999 _c228895
_d228895